Most Olympic Gold Medals by Athlete - Statistics

General Stats
  • This quiz has been taken 32 times
    12 since last reset
  • The average score is 5 of 12
Answer Stats
Position Athlete Golds Country Discipline Years Active % Correct
1. Michael Phelps 23 USA Swimming 2004-2016
100%
4. Mark Spitz 9 USA Swimming 1968-1972
82%
9.= Usain Bolt 8 Jamaica Athletics 2008-2016
82%
5. Carl Lewis 9 USA Athletics 1984-1996
73%
6. Birgit Fischer 8 East Germany/Germany Canoeing 1980-2004
27%
3. Paavo Nurmi 9 Finland Athletics 1920-1928
27%
7.= Jenny Thompson 8 USA Swimming 2000-2004
18%
2. Larisa Latynina 9 Soviet Union Gymnastics 1956-1964
18%
9.= Ray Ewry 8 USA Athletics 1900-1908
18%
7.= Sawao Kato 8 Japan Gymnastics 1968-1976
18%
8. Matt Biondi 8 USA Swimming 1984-1992
9%
10. Nikolai Andrianov 7 Soviet Union Gymnastics 1972-1980
9%
No matching quizzes found
Score Distribution
Percent of People with Each Score
Percentile by Number Answered
Your Score History
You have not taken this quiz since the last reset